| 000 | 00381nam a22001697a 4500 | ||
|---|---|---|---|
| 005 | 20160623151946.0 | ||
| 008 | 160623b xxu||||| |||| 00| 0 eng d | ||
| 020 | _a0-521 | ||
| 041 | _aeng | ||
| 082 | _b9603 | ||
| 100 |
_aRenvolucri, Mario _92588 |
||
| 245 | _aGrammer Games | ||
| 260 |
_bCambridge Uni-Press _c2002 |
||
| 300 | _a137 | ||
| 650 |
_aManagement _9241 |
||
| 942 | _cBK | ||
| 999 |
_c3692 _d3691 |
||